000 00965cam a22002531 4500
001 sd 62000001
003 DLC
005 20260227112736.0
008 920420s1961 dcu b f000 0 eng c
010 _asd 62000001
035 _a(OCoLC)25678216
040 _aU.S. Dept. of State. Library
_cDS
_dDS
_dDLC
042 _apremarc
050 0 0 _aZ6465.U5
_bA55
110 1 _aUnited States.
_bDepartment of State.
_bHistorical Office.
245 0 0 _aDepartment of State publications on diplomatic history, international law, and the conduct of foreign relations.
260 _a[Washington,
_bU.S. Govt. Print. Off.]
_c1961.
300 _a17 p.
_c21 cm.
490 1 _a[U.S.] Dept. of State. Publication
_v7320
490 1 _aGeneral foreign policy series,
_v177
610 1 0 _aUnited States.
_bDepartment of State
_vBibliography.
830 0 _aDepartment of State publication ;
_v7320.
830 0 _aDepartment of State publication.
_pGeneral foreign policy series ;
_v177.
999 _c90086
_d90086